Communes de Mayenne - Statistiques

Statistiques générales
  • Ce quiz a été pris 21 fois
    2 depuis la dernière actualisation
  • Le résultat moyen est 18 sur 240
Statistiques - réponses
Nbr d'hab Commues % Correct
6 482 Changé
100%
16 539 Château-Gontier sur Mayenne
100%
4 415 Craon
100%
2 278 Entrammes
100%
5 511 Ernée
100%
8 380 Evron
100%
49 474 Laval
100%
1 182 Louvigné
100%
2 603 Ambrière les Vallées
50%
2 908 Argentré
50%
6 294 Bomchamp lès Laval
50%
3 208 Cossé le Vivien
50%
533 Daon
50%
1 096 Forcé
50%
2 475 Gorron
50%
1 100 Landivy
50%
2 243 Lassay les Châteaux
50%
2 127 Le Genest Saint Isle
50%
4 554 L'Huisserie
50%
2 724 Loiron Ruillé
50%
4 345 Louverné
50%
12 854 Mayenne
50%
2 782 Meslay du Maine
50%
1 384 Parné sur Roc
50%
2 506 Renazé
50%
7 383 Saint Berthevin
50%
2 313 Saint Pierre la Cour
50%
1 164 Vaiges
50%
1 864 Ahuillé
0%
612 Alexain
0%
2 324 Andouillé
0%
1 830 Aron
0%
672 Arquenay
0%
419 Assé le Bérenger
0%
887 Astillé
0%
453 Athée
0%
555 Averton
0%
1 220 Bais
0%
1 298 Ballots
0%
119 Bannes
0%
1 086 Bazougers
0%
500 Beaulieu sur Oudon
0%
203 Beaumont Pied de Boeuf
0%
560 Belgeard
0%
1 280 Bierné les Villages
0%
556 Blandouet Saint Jean
0%
611 Bouchamps lès Craon
0%
1 066 Bouère
0%
718 Bouessay
0%
136 Boulay les Ifs
0%
618 Bourgon
0%
276 Brains sur les Marches
0%
833 Brecé
0%
584 Brée
0%
254 Carelles
0%
1 173 Chailland
0%
691 Châlon du Maine
0%
624 Champéon
0%
282 Champfrémont
0%
495 Champgenéteux
0%
599 Chantrigné
0%
455 Charchigné
0%
464 Châtelain
0%
960 Châtillon sur Colmont
0%
1 363 Chemazé
0%
433 Chémeré le Roi
0%
155 Chérancé
0%
152 Chevaigné du Maine
0%
477 Colombiers du Plessis
0%
1 289 Commer
0%
919 Congrier
0%
840 Contest
0%
298 Cosmes
0%
307 Cossé en Champagne
0%
867 Coudray
0%
377 Couesmes Vaucé
0%
114 Couptrain
0%
633 Courbeveille
0%
808 Courcité
0%
197 Crennes sur Fraubée
0%
853 Cuillé
0%
184 Denazé
0%
461 Désertines
0%
423 Fontaine Couverte
0%
1 186 Fougerolles du Plessis
0%
838 Fromentières
0%
166 Gastines
0%
1 351 Gennes Longefuye
0%
238 Gesnes
0%
541 Gesvres
0%
626 Grazay
0%
977 Grez en Bouère
0%
625 Hambers
0%
172 Hardanges
0%
305 Hercé
0%
496 Houssay
0%
458 Izé
0%
1 343 Javron les Chapelles
0%
756 Jublains
0%
1 332 Juvigné
0%
1 964 La Baconnière
0%
966 La Bazoge Montpinçon
0%
495 La Bazouge de Chemeré
0%
550 La Bazouges des Alleux
0%
490 La Bigottière
0%
116 La Boissière
0%
674 La Brûlatte
0%
963 La Chapelle Anthenaise
0%
503 La Chapelle au Riboul
0%
315 La Chapelle Craonaise
0%
413 La Chapelle Rainsouin
0%
633 La Croixille
0%
226 La Cropte
0%
288 La Dorée
0%
570 La Gravelle
0%
466 La Haie Traversaine
0%
177 La Pallu
0%
296 La Pellerine
0%
1 012 Larchamp
0%
1 227 La Roche Neuville
0%
250 La Roë
0%
311 La Rouaudière
0%
901 La Selle Craonnaise
0%
322 Laubrières
0%
358 Launay Villiers
0%
320 Le Bignon du Maine
0%
1 726 Le Bourgneuf la Forêt
0%
313 Le Buret
0%
343 Le Ham
0%
721 Le Horps
0%
228 Le Housseau Brétignolles
0%
522 Le Pas
0%
464 Le Ribay
0%
184 Lesbois
0%
274 Levaré
0%
710 Lignères Orgères
0%
187 Livet
0%
728 Livré la Touche
0%
410 Loupfougères
0%
284 Madré
0%
510 Maisoncelles du Maine
0%
750 Marcillé la Ville
0%
543 Marigné Peuton
0%
1 884 Martigné sur Mayenne
0%
230 Mée
0%
907 Ménil
0%
1 075 Méral
0%
625 Mézangers
0%
883 Montaudin
0%
1 307 Montenay
0%
250 Montflours
0%
1 342 Montigné le Brillant
0%
1 030 Montjean
0%
374 Montreuil Poulay
0%
3 192 Montsûrs
0%
977 Moulay
0%
757 Neau
0%
345 Neuilly le Vendin
0%
347 Niafles
0%
1 250 Nuillé le Vicoin
0%
1 124 Oisseau
0%
406 Olivet
0%
394 Origné
0%
841 Parigné sur Braye
0%
228 Peuton
0%
354 Placé
0%
659 Pommerieux
0%
808 Pontmain
0%
1 816 Port Brillet
0%
161 Préaux
0%
1 392 Prée d'Anjou
0%
2 300 Pré en Pail Saint Samson
0%
2 141 Quelaines Saint Gault
0%
230 Ravigny
0%
108 Rennes en Grenouilles
0%
575 Ruillé Froid Fonds
0%
484 Sacé
0%
350 Saint Aignan de Couptrain
0%
934 Saint Aignan sur Roë
0%
223 Saint Aubin du Désert
0%
212 Saint Aubin Fosse Louvain
0%
1 181 Saint Baudelle
0%
294 Saint Berthevin la Tanière
0%
524 Saint Brice
0%
399 Saint Calais du Désert
0%
219 Saint Charles la Forêt
0%
502 Saint Cyr en Pail
0%
559 Saint Cyr le Gravelais
0%
1 512 Saint Denis d'Anjou
0%
1 440 Saint Denis de Gastines
0%
456 Saint Denis du Maine
0%
808 Sainte Hilaire du Maine
0%
496 Saint Ellier du Maine
0%
228 Sainte Marie du Bois
0%
154 Saint Erblon
0%
1 197 Sainte Suzanne et Chammes
0%
946 Saint Fraimbault de Prières
0%
770 Saint Gemmes le Robert
0%
1 381 Saint Georges Buttavent
0%
378 Saint Georges le Fléchard
0%
394 Saint Georges sur Erve
0%
365 Saint Germain d'Anxure
0%
329 Saint Germain de Coulamer
0%
1 179 Saint Germain le Fouilloux
0%
513 Saint Germain le Guillaume
0%
1 689 Saint Jean sur Mayenne
0%
257 Saint Julien du Terroux
0%
323 Saint Léger
0%
335 Saint Loup du Dorat
0%
321 Saint Loup du Gast
0%
166 Saint Mars du Désert
0%
440 Saint Mars sur Colmont
0%
521 Saint Mars sur la Futaie
0%
425 Saint Martin du Limet
0%
255 Saint Michel de la Roë
0%
1 782 Saint Ouën des Toits
0%
927 Saint Pierre des Landes
0%
1 761 Saint Pierre des Nids
0%
132 Saint Pierre sur Erve
0%
391 Saint Poix
0%
475 Saint Quentin les Anges
0%
518 Saint Saturnin du Limet
0%
162 Saint Thomas de Couceriers
0%
328 Saulges
0%
376 Senonnes
0%
386 Simplé
0%
149 Soucé
0%
1 060 Soulgé sur Ouette
0%
190 Thorigné en Charnie
0%
270 Thuboeuf
0%
770 Torcé Vivier en Charnie
0%
227 Trans
0%
971 Val du Maine
0%
612 Vautorte
0%
107 Vieuvy
0%
2 682 Villaines la Juhel
0%
192 Villepail
0%
1 080 Villiers Charlemagne
0%
1 107 Vimartin sur Orthe
0%
905 Voutré
0%
Aucun quiz correspondant
Distribution des résultats
% des personnes avec chaque résultat
Percentile par nombre de réponses
Votre historique - résultats
Vous n’avez pas pris ce quiz depuis la dernière actualisation